Statistics for Geography Questions on Jeopardy! #3

Click here to take the quiz!

General Stats

  • This quiz has been taken 50 times
  • The average score is 10 of 16

Answer Stats

CategoryHintAnswer% Correct
U.S. STATESThe Russians sold it to Seward at 2¢ an acreAlaska
96%
There were no known successful escapes from this "Rock" in S.F. bayAlcatraz
89%
U.S. LANDMARKSFor her 100th birthday, she'll get her torch backStatue of Liberty
89%
ISLANDSThe state where you can lei in the sunHawaii
87%
An Indonesian island or slang for coffeeJava
83%
WORLD HISTORYCountry where Napoleon met his "Waterloo"Belgium
80%
It contains highest & lowest spots in lower 48 states, only 106 miles apartCalifornia
78%
Part of Massachusetts until it became our 23rd stateMaine
67%
Whenever it wants to, this state can legally break up into 5Texas
67%
EUROPECountry where the current king succeeded his grandfather after a 44-year gapSpain
54%
Originally set aside for the Indians for as long as grass shall grow & rivers flowOklahoma
52%
Plays are still performed at this site of Lincoln's assassinationFord's Theater
48%
At 555' 5", this 100-year-old all-stone structure is world's tallestWashington Monument
39%
Last Memorial Day, a Vietnam casualty was interred at this Arlington shrineTomb of the Unknown Soldier
37%
Original nest of Sam Spade's falconMalta
33%
The song "26 Miles Across The Sea" overshoots this island by 3 milesCatalina Island
2%

Score Distribution

Percentile by Number Answered

Percent of People with Each Score

Your Score History

You have not taken this quiz